000 00550nam a2200193 a 4500
001 1763019119969
003 ACL
005 20251113130349.0
008 251113s1997##################000#0#eng##
020 _a9788876422799
082 0 4 _a620.112973
100 1 _aChiofalo, Maria Luisa,
_eauthor.
245 1 0 _aScreening effects in bipolaron theory and high temperature superconductivity :
260 _bEdizioni della Normale,
_c1997.
300 _a151 pages
650 0 _aTechnology & Engineering.
942 _cENGLISH
040 _aACL
_beng
_cACL
999 _c597398
_d597398